Las viejas amistades

Guardado en:
Detalles Bibliográficos
Autor principal: León Alvarado, Carlos (autor)
Formato: Libro
Lenguaje:español
Publicado: Santiago Pacífico 1956
Colección:Colección Plenitud. Biblioteca de cuentistas
Materias:
Etiquetas: Agregar Etiqueta
Sin Etiquetas, Sea el primero en etiquetar este registro!

MARC

LEADER 00000nam a2200000 a 4500
001 UCX1685
003 CL-VaPUC
008 901018e19560000CL |||||||||||||||||spa|d
082 0 4 |a Ch863  |b LEO  |2 21 
100 |a León Alvarado, Carlos  |e autor  |9 318848 
245 1 4 |a Las viejas amistades 
300 |a 93 p 
942 |c BK 
945 |d 19901018 00:00:00 
260 |a Santiago  |b Pacífico  |c 1956 
650 0 |a Cuentos chilenos   |9 308280 
583 |a last modification  |c 20151117 18:49:36  |k Rodrigo Vera 
490 0 |a Colección Plenitud. Biblioteca de cuentistas 
999 |c 222862  |d 222860